28 Años de antropología : (Record no. 73)
[ view plain ]
| 000 -CABECERA | |
|---|---|
| campo de control de longitud fija | 00687nam a2200217 a 4500 |
| 003 - IDENTIFICADOR DEL NÚMERO DE CONTROL | |
| campo de control | UPN |
| 005 - FECHA Y HORA DE LA ÚLTIMA TRANSACCIÓN | |
| campo de control | 20220811063634.0 |
| 008 - ELEMENTOS DE LONGITUD FIJA--INFORMACIÓN GENERAL | |
| campo de control de longitud fija | 991125s1971 mx 000 0 spa u |
| 035 ## - NÚMERO DE CONTROL DEL SISTEMA | |
| Número de control de sistema | UPN01000000073 |
| 040 ## - FUENTE DE LA CATALOGACIÓN | |
| Centro catalogador/agencia de origen | UPN |
| Lengua de catalogación | spa |
| Centro/agencia transcriptor | UPN |
| 049 ## - COLECCIÓN | |
| Colección | SEP |
| 050 #4 - SIGNATURA TOPOGRÁFICA DE LA BIBLIOTECA DEL CONGRESO | |
| Número de clasificación | LE7.2915 |
| Número de documento/Ítem | N2g |
| 100 1# - ASIENTO PRINCIPAL--NOMBRE PERSONAL | |
| Nombre de persona | Montemayor García, Felipe |
| 245 10 - MENCIÓN DE TÍTULO | |
| Título | 28 Años de antropología : |
| Resto del título | tesis de la Escuela Normal de Antropología e Historia : 1944-1971 / |
| Mención de responsabilidad, etc. | Felipe Montemayor G. |
| 260 ## - PUBLICACIÓN, DISTRIBUCIÓN, ETC. | |
| Lugar de publicación, distribución, etc. | México : |
| Nombre del editor, distribuidor, etc. | INAH, |
| Fecha de publicación, distribución, etc. | 1971. |
| 300 ## - DESCRIPCIÓN FÍSICA | |
| Extensión | 615 p. |
| 610 24 - ASIENTO SECUNDARIO DE MATERIA - NOMBRE CORPORATIVO | |
| Nombre de entidad corporativa o nombre de jurisdicción como elemento de entrada | ESCUELA NACIONAL DE ANTROPOLOGIA E HISTORIA (MEXICO) |
| 9 (RLIN) | 21841 |
| 650 #4 - ASIENTO SECUNDARIO DE MATERIA - TERMINO TEMATICO | |
| Término de materia o nombre geográfico como elemento de entrada | Educación superior |
| Subdivisión de forma | Planes y programas |
| 9 (RLIN) | 5828 |
| 905 ## - TIPO DE MATERIAL | |
| Tipo de material | Libro |
| 942 ## - ELEMENTOS DE PUNTO DE ACCESO ADICIONAL (KOHA) | |
| Fuente del sistema de clasificación o colocación | Library of Congress Classification |
| Tipo de ítem Koha | Libro |
| Estado de retiro | Estado de pérdida | Fuente del sistema de clasificación o colocación | Estado dañado | No para préstamo | Código de colección | Localización permanente | Ubicación/localización actual | Ubicación en estantería | Fecha de adquisición | Clasificación | Código de barras | Fecha visto por última vez | Número de copia | Tipo de ítem Koha |
|---|---|---|---|---|---|---|---|---|---|---|---|---|---|---|
| Library of Congress Classification | Coleccion SEP | Colección SEP | Bib. Gregorio Torres Quintero | Bib. Gregorio Torres Quintero | Colección SEP | 09/05/2023 | LE7.2915 N2g | 64442 | 31/12/2020 | 1 | Libro |
